Sociedad, derechos y extrema derecha (Record no. 58522)

MARC details
000 -LEADER
campo de control de longitud fija 01131nam a2200253Ia 4500
008 - DATOS DE LONGITUD FIJA--INFORMACIÓN GENERAL
campo de control de longitud fija 231113s2023 sp 000 0 spa d
041 ## - CÓDIGO DE IDIOMA
Código de lengua del texto/banda sonora o título independiente spa
100 1# - ENTRADA PRINCIPAL--NOMBRE DE PERSONA
Nombre de persona LOPEZ MARTINEZ, Vicente
9 (RLIN) 2190
245 10 - MENCIÓN DEL TÍTULO
Título Sociedad, derechos y extrema derecha
Resto del título : la sombra del capitalismo en el siglo XXI
Mención de responsabilidad, etc. / Vicente López
260 ## - PUBLICACIÓN, DISTRIBUCIÓN, ETC.
Lugar de publicación, distribución, etc. [Madrid] :
Nombre del editor, distribuidor, etc. Fundación 1º de Mayo : ISTAS, Instituto Sindical de Trabajo, Ambiente y Salud,
Fecha de publicación, distribución, etc. 2023
300 ## - DESCRIPCIÓN FÍSICA
Extensión [3] p. ;
Dimensiones 30 cm
500 ## - NOTA GENERAL
Nota general En: PorExperiencia : Revista de Salud Laboral de ISTAS-CCOO, n. 90 (octubre 2023)
500 ## - NOTA GENERAL
Nota general Número monográfico con motivo del Congreso "Sociedad, Derechos y Extrema Derecha", organizado por la Fundación 1º de Mayo, Valencia, 27 y 28 de octubre de 2023.
650 #0 - PUNTO DE ACCESO ADICIONAL DE MATERIA--TÉRMINO DE MATERIA
Término de materia o nombre geográfico como elemento de entrada IDEOLOGIA POLITICA
9 (RLIN) 1711
650 #0 - PUNTO DE ACCESO ADICIONAL DE MATERIA--TÉRMINO DE MATERIA
Término de materia o nombre geográfico como elemento de entrada DERECHOS HUMANOS
9 (RLIN) 2569
650 #0 - PUNTO DE ACCESO ADICIONAL DE MATERIA--TÉRMINO DE MATERIA
Término de materia o nombre geográfico como elemento de entrada DERECHOS CIVILES
9 (RLIN) 215
650 #0 - PUNTO DE ACCESO ADICIONAL DE MATERIA--TÉRMINO DE MATERIA
Término de materia o nombre geográfico como elemento de entrada POLITICA
9 (RLIN) 547
650 #0 - PUNTO DE ACCESO ADICIONAL DE MATERIA--TÉRMINO DE MATERIA
Término de materia o nombre geográfico como elemento de entrada ACTITUD SINDICAL
9 (RLIN) 61
710 ## - ENTRADA AGREGADA--NOMBRE DE ENTIDAD CORPORATIVA
Nombre de entidad corporativa o nombre de jurisdicción como elemento de entrada ISTAS
Sede del congreso/Lugar de la reunión España
9 (RLIN) 16845
710 ## - ENTRADA AGREGADA--NOMBRE DE ENTIDAD CORPORATIVA
Nombre de entidad corporativa o nombre de jurisdicción como elemento de entrada FUNDACION 1º DE MAYO
Sede del congreso/Lugar de la reunión Madrid
9 (RLIN) 329
856 ## - LOCALIZACIÓN Y ACCESO ELECTRÓNICOS
Nota pública PDF
Identificador Uniforme de Recursos <a href="https://docpublicos.ccoo.es/cendoc/067167SociedadDerechos.pdf">https://docpublicos.ccoo.es/cendoc/067167SociedadDerechos.pdf</a>
907 ## - ELEMENTOS DE DATOS G LOCAL, LDG (RLIN)
a Política
942 ## - ELEMENTOS DE ENTRADA SECUNDARIOS (KOHA)
Tipo de ítem Koha Documento Electrónico
Fuente del sistema de clasificación o colocación Clasificación Decimal Dewey
Holdings
Estatus retirado Estado de pérdida Fuente del sistema de clasificación o colocación Estado de daño No para préstamo Biblioteca de origen Biblioteca actual Fecha de adquisición Número de inventario Total de préstamos Código de barras Visto por última vez Copia número Precio de reemplazo Tipo de ítem Koha
    Clasificación Decimal Dewey     CENDO CENDO 13/11/2023 067167   2023-2166 13/11/2023 PS136 13/11/2023 Documento Electrónico